| 000 | 00484nam a2200169 a 4500 | ||
|---|---|---|---|
| 001 | 000033146 | ||
| 003 | DO-SdBNP | ||
| 005 | 20240313174150.0 | ||
| 008 | 110818s19uu xxu 000 0 spa d | ||
| 040 |
_aDO-SdBNP _bspa _cBNPHU |
||
| 082 |
_axxxx _bD446p _222 |
||
| 100 | 1 |
_aDeschamps, Enrique, _d 1872-1933 _92573 |
|
| 245 | 1 | 0 |
_aPalabras y propósitos / _cEnrique Deschamps. |
| 260 |
_aNew York : _bImp. M. D. Danon & Co., _c[19--?]. |
||
| 300 |
_a18 p. ; _c23 cm. |
||
| 942 |
_2ddc _cLBS1 |
||
| 999 |
_c32637 _d32637 |
||